Estatísticas para Cidades européias por imagem #2

Clique aqui para jogar o quiz

Estatísticas Gerais

  • Esse quiz foi jogado 59 vezes
  • A pontuação média é 7 de 15

Estatísticas das Respostas

Resposta% Correto
Atenas
96%
Londres
96%
Veneza
90%
Pisa
76%
Moscovo
68%
Bruxelas
56%
Amesterdão
50%
Viena
46%
Kiev
40%
Oslo
36%
Frankfurt
14%
Gibraltar
14%
Edimburgo
12%
Zurique
12%
Bilbau
4%

Distribuição das Pontuações

Percentil de Números Respondidos

Porcentagem de Pessoas com Cada Pontuação

Sua Pontuação Histórica

Você não jogou esse quiz